Winning with transglobal leadership : (Record no. 76939)

MARC details
000 -LEADER
fixed length control field 00848nam a22002537a 4500
005 - DATE AND TIME OF LATEST TRANSACTION
control field 20130625113821.0
010 ## - LCCN (DPL NO)
LC control number ENG-107656
020 ## - INTERNATIONAL STANDARD BOOK NUMBER
International Standard Book Number 9781259097324
Terms of availability 495.00
020 ## - INTERNATIONAL STANDARD BOOK NUMBER
International Standard Book Number 1259097323
Terms of availability 495.00
035 ## - SYSTEM CONTROL NUMBER
System control number EN-91189
037 ## - SOURCE OF ACQUISITION
Source of stock number/acquisition DBAD/PUB
082 ## - DEWEY DECIMAL CLASSIFICATION NUMBER
Classification number 658.4092
245 ## - TITLE STATEMENT
Title Winning with transglobal leadership :
Statement of responsibility, etc by Linda D. Sharkey ...[et al]
Remainder of title how to find and develop top global talent to build world-class organizations /
260 ## - PUBLICATION, DISTRIBUTION, ETC. (IMPRINT)
Name of publisher, distributor, etc Tata McGraw Hill
Date of publication, distribution, etc 2013
Place of publication, distribution, etc New Delhi
270 ## - ADDRESS
Address P-24, Green Park Extnsion
City New Delhi
Postal code 110016
300 ## - PHYSICAL DESCRIPTION
Extent xii, 274 p.
Dimensions 24cm(pbk)
Other physical details ill.
500 ## - GENERAL NOTE
General note Includes index.
650 ## - SUBJECT ADDED ENTRY--TOPICAL TERM
Topical term or geographic name as entry element Executive ability.
650 ## - SUBJECT ADDED ENTRY--TOPICAL TERM
Topical term or geographic name as entry element Leadership
650 ## - SUBJECT ADDED ENTRY--TOPICAL TERM
Topical term or geographic name as entry element Executives
General subdivision Recruiting
650 ## - SUBJECT ADDED ENTRY--TOPICAL TERM
Topical term or geographic name as entry element Employee retention
700 ## - ADDED ENTRY--PERSONAL NAME
Personal name Sharkey, Linda D.
942 ## - ADDED ENTRY ELEMENTS (KOHA)
Source of classification or shelving scheme Dewey Decimal Classification
Item type English Books
Call number suffix WIN
Classification part 658.4092
Holdings
Withdrawn status Lost status Not for loan Collection code Home library Current library Date acquired Source of acquisition Cost, normal purchase price Full call number Barcode Copy number Cost, replacement price Koha item type
    Not For Loan Non-fiction D.B.Act.Division D.B.Act.Division 25/06/2013 DBAD / PUB 495.00 658.4092 WIN EN-91189 1 495.00 English Books

© Delhi Public Library
Hit Counter
free hit counter